=LDR 00000nam 2200000 4500 =001 INLIS000000000021897 =005 20240822100728 =035 ##$$a 0010-061300000021897 =008 240822################g##########0#ind## =041 ##$$a Ind =082 ##$$a 400.14 =090 ##$$a 400.14, Suh m =100 ##$$a Sukamto, Katharina Endriati =245 1#$$a Menabur benih menuai kasih, persembahan karya bahasa, sosial dan budaya untuk Anton M. Muliono pada ulang tahun yang ke 75 /$c Katharina Endriati Sukamto =260 ##$$a Jakarta :$b Yayasan Obor Indonesia,$c 2004 =300 ##$$a xviii, 864 hlm, : $b ilus. ; $c 21 cm =650 #4$$a Bahasa Indonesia =850 ##$$a NBPNMAT =020 ##$$a 979-461-488-2 =084 ##$$a 400.14 SUK m =990 ##$$a 21400613/BPAP-NTB/20142014 =990 ##$$a 0001/BPAP-NTB/2016 =990 ##$$a 16981698 =990 ##$$a 20616746 =990 ##$$a 21400613/BPAP-NTB/20142014 =990 ##$$a 0001/BPAP-NTB/2016